000 01020nam a2200265 a 4500
001 000032439
003 OSt
005 20201023123728.0
008 110718s1942 dr r 000 0 spa d
040 _aDO-SdBNP
_bspa
_cBNPHU
082 7 4 _a782.42163
_bM316a
_222
100 1 _aMarchena, Enrique de
_958399
245 1 0 _aDel areito de Anacaona al poema folklórico ;
_bBrindis de salas en Santo Domingo /
_cEnrique de Marchena.
260 _aCiudad Trujillo, República Dominicana :
_bMontalvo,
_c1942.
300 _a95 p. ;
_c22 cm.
501 _aPublicada con : Brindis de salas en Santo Domingo
581 _aDos obras publicadas juntas con paginación continua
590 _aInventariado, 2018/ YL
600 1 4 _aANACAONA,
_d1504
_xCANCIONES Y MÚSICA
_958400
600 1 4 _aBRINDIS DE SALAS, CLAUDIO JOSÉ DOMINGO,
_d1852-1911
_958401
650 4 _aMúsica popular dominicana
_92541
700 1 _aMarchena, Enrique de,
_tBrindis de salas en Santo Domingo
_958402
910 _aValidado, 2018/MFF
942 _2ddc
_cLBS1
999 _c31930
_d31930